Computer models in environmental planning
Αποθηκεύτηκε σε:
| Κύριος συγγραφέας: | |
|---|---|
| Μορφή: | Βιβλίο |
| Γλώσσα: | English |
| Δημοσίευση: |
New York :
Van Nostrand Reinhold ,
1984
|
| Θέματα: | |
| Ετικέτες: |
Προσθήκη ετικέτας
Δεν υπάρχουν, Καταχωρήστε ετικέτα πρώτοι!
|
MARC
| LEADER | 00000nam a2200000 i 4500 | ||
|---|---|---|---|
| 001 | 1/65112 | ||
| 008 | 931005s1984 eng d | ||
| 020 | |a 0-442-22974-7 | ||
| 035 | |a ΛΕΣΒΟΣb10001500 |l 10001500 | ||
| 040 | |a GR-MY-UA |b gre |e aacr | ||
| 041 | 0 | |a eng | |
| 082 | 0 | |a 363.705 | |
| 100 | 1 | |a Gordon, Steven I. | |
| 245 | 1 | 0 | |a Computer models in environmental planning / |c Steven I. Gordonn |
| 260 | |a New York : |b Van Nostrand Reinhold , |c 1984 | ||
| 300 | |a 217 p. |b tables; figures | ||
| 504 | |a Includes index | ||
| 650 | 0 | 0 | |a Environmental policy |x Mathematical models. |
| 650 | 0 | 0 | |a Environmental policy |x Data processing. |
| 852 | |a INST |b LESVOS |e 19931005 |h 363.705 GOR |p 005100004089 |q 005100004089 |t BK |y 0 | ||
| 909 | |a Λ |b 022715 | ||